Los miserables (Registro nro. 10814)
[ vista simple ]
| 000 - LÍDER | |
|---|---|
| campo de control de longitud fija | 00866cam a2200265 a 4500 |
| 003 - IDENTIFICADOR DE NÚMERO DE CONTROL | |
| campo de control | OSt |
| 005 - FECHA Y HORA DE LA ÚLTIMA TRANSACCIÓN | |
| campo de control | 20210818181508.0 |
| 008 - ELEMENTOS DE DATOS DE LONGITUD FIJA - INFORMACIÓN GENERAL | |
| campo de control de longitud fija | 161102s1982 sp ||||gr|||| 001 f spa d |
| 020 ## - INTERNATIONAL STANDARD BOOK NUMBER | |
| International Standard Book Number | 8422614510 (v.1) |
| 020 ## - INTERNATIONAL STANDARD BOOK NUMBER | |
| International Standard Book Number | 8422614529 (v.2) |
| 020 ## - INTERNATIONAL STANDARD BOOK NUMBER | |
| International Standard Book Number | 8422614537 (Obra completa) |
| 040 ## - FUENTE DE CATALOGACIÓN | |
| Lenguaje de catalogación | spa |
| 041 ## - CÓDIGO DE LENGUAJE | |
| Código de idioma de texto / pista de sonido o título separado | spa |
| 082 04 - NÚMERO DE CLASIFICACIÓN DECIMAL DEWEY | |
| Número de clasificación | 843.78 |
| Número de artículo | H895m |
| 100 1# - ENTRADA PRINCIPAL - NOMBRE PERSONAL | |
| 9 (RLIN) | 41849 |
| Nombre de la persona | Hugo, Victor Marie, |
| Fechas asociadas a un nombre | 1802-1885 |
| 245 14 - TÍTULO DECLARACIÓN | |
| Título | Los miserables |
| Declaración de responsabilidad | Victor Hugo ; introducción Mario Vargas Llosa |
| 260 ## - PUBLICACIÓN, DISTRIBUCIÓN | |
| Lugar de publicación | Barcelona |
| Nombre del editor | Circulo de Lectores |
| Fecha de publicación | 1982 |
| 300 ## - DESCRIPCIÓN FÍSICA | |
| Alcance | 1 Volúmenes |
| Dimensiones | 21 centímetros |
| 490 ## - DECLARACIÓN EN SERIE | |
| Estado de cuenta de la serie | Grandes Clásicos Universales |
| 650 #0 - ENTRADA DE SUJETO AÑADIDO - TÉRMINO TÓPICO | |
| 9 (RLIN) | 24839 |
| Término tópico o elemento de entrada del nombre geográfico | Novela Francesa |
| 650 #0 - ENTRADA DE SUJETO AÑADIDO - TÉRMINO TÓPICO | |
| 9 (RLIN) | 50103 |
| Término tópico o elemento de entrada del nombre geográfico | Literatura Universal |
| 650 #0 - ENTRADA DE SUJETO AÑADIDO - TÉRMINO TÓPICO | |
| 9 (RLIN) | 21332 |
| Término tópico o elemento de entrada del nombre geográfico | Literatura Francesa |
| Subdivisión de forma | Novela |
| 700 ## - ENTRADA AGREGADA - NOMBRE PERSONAL | |
| 9 (RLIN) | 50267 |
| Nombre de la persona | Vargas Llosa, Mario |
| 942 ## - ELEMENTOS DE ENTRADA AGREGADOS (KOHA) | |
| Fuente de clasificación o esquema de estanterías | Dewey Decimal Classification |
| Parte de clasificación | 843.78 H895m |
| Prefijo del número de llamada | 843.78 |
| Sufijo del número de llamada | H895m |
| Estado de retirada | Pérdida de estatus | Fuente de clasificación o esquema de estanterías | Estado dañado | No para préstamo | Código de recogida | Ubicación permanente | Ubicación actual | Ubicación de las estanterías | Fecha de adquisición | Enumeración / cronología de series | Total de Cajas | Número Topográfico | Código de barras | Precio efectivo desde | Número de copia | Fecha de la última salida | Fecha de la última vez que se vio | Tipo de artículo Koha | Fuente de adquisición |
|---|---|---|---|---|---|---|---|---|---|---|---|---|---|---|---|---|---|---|---|
| Dewey Decimal Classification | General | Biblioteca Pública Departamental Comfamiliar Risaralda | Biblioteca Pública Departamental Comfamiliar Risaralda | Área General | 02/11/2016 | Vol.1 | 3 | 843.78 H895m | 1000496 | 02/11/2016 | Ej.1 | 19/02/2019 | 21/03/2019 | Libro | |||||
| Dewey Decimal Classification | General | Biblioteca Pública Departamental Comfamiliar Risaralda | Biblioteca Pública Departamental Comfamiliar Risaralda | Área General | 02/11/2016 | Vol.2 | 843.78 H895m | 1000497 | 02/11/2016 | Ej.1 | 14/12/2018 | Libro | |||||||
| Dewey Decimal Classification | General | Biblioteca Pública Jaime Fernández Botero | Biblioteca Pública Jaime Fernández Botero | Área General | 17/03/2022 | Vol. 1 | 1 | 843.78 H895m | SANRC17 - 0168 | 17/03/2022 | Ej. 1 | 02/05/2024 | 02/05/2024 | Libro | Compra | ||||
| Dewey Decimal Classification | General | Biblioteca Pública Jaime Fernández Botero | Biblioteca Pública Jaime Fernández Botero | Área General | 17/03/2022 | Vol. 2 | 2 | 843.78 H895m | SANRC17 - 0169 | 17/03/2022 | Ej. 1 | 06/06/2024 | 07/06/2024 | Libro | Compra |